Online Catalogue and eLibrary

Practicing feminism : (Record no. 1780)

MARC details
000 -LEADER
fixed length control field 00242nam a2200097Ia 4500
008 - FIXED-LENGTH DATA ELEMENTS--GENERAL INFORMATION
fixed length control field 240331s9999 xx 000 0 und d
082 ## - DDC Classification
Item Number - Author Mark PRA
100 ## - MAIN ENTRY--PERSONAL NAME
Personal name Charles, N. ed
245 #0 - TITLE STATEMENT
Title Practicing feminism :
Remainder of title Identity, difference, power
942 ## - Koha item type (Biblio)
Koha item type Books in Stacks (Lending)

No items available.

© WERC Library